000 01068nam0a22002771 4500
001 rc\460874
005 20260406043050.0
010 _a5-292-00161-9
_9500
035 _a(NLR Aleph) 005705322
090 _a7320743
_c7320743
100 _a20030616d1988 |||y0rusy50 ca
101 0 _arus
102 _aRU
105 _aa |||||||||
200 1 _aМагнитные свойства горных пород при высоких термодинамических параметрах
_fПод ред. В.И. Трухина
210 _aСаратов
_cИзд-во Сарат. ун-та
_d1988
215 _a209 с.
_cил.
_d20
320 _aБиблиогр.: с. 190-206 (153 назв.)
700 1 _8rus
_7ca
_aВалеев
_bК. А.
_cд-р физ.-мат. наук
_f1934-
_gКамиль Абдрахманович
_3RU\NLR\AUTH\773180
_9113186
701 1 _aАбсалямов
_bС.С.
_gСалауат Сабирьянович
801 0 _aRU
_bNLR
_gpsbo
801 1 _aRU
_bELAR
_2rusmarc
852 _aNLR
_j89-3/11468
942 _cBOOK
980 _aNB